| 000 | 00603nam a22002057a 4500 | ||
|---|---|---|---|
| 999 |
_c17274 _d17274 |
||
| 003 | AR-CdUCM | ||
| 008 | 190507b ||||| |||| 00| 0 spa d | ||
| 040 |
_aMUNICIPALIDAD PROVINCIAL DEL CUSCO _cBIBLIOTECA MUNICIPAL DEL CUSCO |
||
| 082 |
_a891.03 / _bF33 |
||
| 100 |
_aFedin, Constantino. _937178 |
||
| 245 | _aLos Mujics / | ||
| 260 |
_aChile : _bZig Zag, _c1933. |
||
| 300 |
_a102 páginas ; _c19 cm. |
||
| 440 |
_aBiblioteca letras. _937179 |
||
| 505 | _aContenido :Los Mujick ... | ||
| 650 |
_aHistorias. _92725 |
||
| 650 |
_aLiteratura. _983 |
||
| 942 |
_2ddc _cLIBROS |
||
| 945 |
_arum _d2019-05-07 |
||